00556nam a2200169Ia 4500008004100000020001500041022001300056040001300069082001800082100002200100245006500122260004800187300002200235500004500257650004400302650004000346191130s1978##################000#0#eng## a0521219043 a77027508 aACLcACL a330.95105 LAR aLardy, Nicholas R aEconomic growth and distribution in ChinacNicholas R. Lardy aCambridgebCambridge University Pressc1978 ax, 244 p. ; 24 cm aIncludes index. Bibliography: p. 213-237 aChina - Economic conditions - 1949-1976 aChina - Economic policy - 1949-1976